| 000 | 00504nam a22001697a 4500 | ||
|---|---|---|---|
| 005 | 20251108165237.0 | ||
| 008 | 250721s1977 xx 000 0 ara d | ||
| 082 | 1 | 4 | _a923/كون |
| 100 | 1 | _aلاكروا، جان | |
| 245 | 1 | 0 | _aعلم الإجتماع لدى أوغست كونت / |
| 264 | 1 |
_aبيروت : _bالمؤسسة العربية، _c1977. |
|
| 300 | _a131ص | ||
| 490 | 0 | _aسلسلة أعلام الفكر العالمي | |
| 650 | 1 | 7 | _aالتراجم |
| 942 |
_2ddc _cBK |
||
| 999 |
_c23061 _d23061 |
||